Brother Bear - Statistics

General Stats
  • This quiz has been taken 42 times
  • The average score is 12 of 24
Answer Stats
Hint Answer % Correct
Jeremy Suarez .........Young animal that above takes in as a younger brother Koda
100%
Joaquin Phoenix .........main character Kenai
90%
Jason Raize .......middle brother Denahi
81%
Harold Gould ..........the very first person to speak Old Denahi
81%
D.B. Sweeney ....eldest brother.....a spirit Sitka
77%
Rick Moranis .....younger moose brother Rutt
68%
Sung by Phil Collins and Koda On My Way
65%
Michael Clarke Duncan ......."in charge" of the samon run...BIG Tug
61%
Joan Copeland ....can talk to the spirits Tanana
58%
Dave Thomas .......older moose brother Tuke
58%
Paul Christie ......an animal who is shouting at his echo Ram #1
48%
Danny Mastrogiorgio ......an animal who is shouting at his echo Ram #2
48%
Estelle Harris .......an old animal that can still hear her "lost" husband Old Lady Bear
42%
Bumber Robinson .......two animals fighting over nuts for hibernation Chipmunks
39%
Pauley Perrette .........an animal that is in love Female Lover Bear
32%
Darko Cesar ........an animal that talks differently, so no one can understand him Foreign Croatian Bear
32%
Sung by Tina Turner Great Spirits
32%
Greg Proops ........an animal that is in love Male Lover Bear
32%
Sung by Phil Collins. When Kenia confesses No Way Out
29%
Sung by Phil Collins in the credits No Way Out (Phil Collins Version)
29%
Sung by Phil Collins at the end Look Through My Eyes
23%
Sung by The Bulgarian Women's Choir Transformation
23%
Sung by The Blind Boys of Alabama and Phil Collins Welcome
23%
Angayuqaq Oscar Kawaley ......narrator of movie Inuit Narrator
13%
No matching quizzes found
Score Distribution
Percent of People with Each Score
Percentile by Number Answered
Your Score History
You have not taken this quiz